Science Quiz

Random Science Quiz

Circulatory system Quiz Stats

 Plays Quiz not verified by Sporcle

Support Sporcle.
Go Orange.
Score 0/10 Timer 01:00
0 Plays Today
question answer % Correct
Muscle the size of your fistHeart
97%
Carries oxygen and nutrientsBlood
83.7%
Heart______blood throughout bodypumps
72.1%
Number of valvesFour
51.1%
Heart is in the_______of bodyCenter
48.5%
Systolic pressure found in_____Arteries
41.6%
minutes it takes blood to travel all around your body?one
38.2%
Another name for the circulatory systemCardiovascular
27%
What blood gets rid ofchemical waste
24.5%
Blood is pushed from the____ into the ventricle.Atrium
23.2%

You're not logged in!

Compare scores with friends on all Sporcle quizzes.
OR
Log In

From the Vault

Cryptogram Map: Sitcoms

by caramba

When you hear 'the TV is scrambled' this is not what comes to mind.
Remove Ads.
Support Sporcle.
Get the best of Sporcle when you Go Orange. This ad-free experience offers more features, more stats, and more fun while also helping to support Sporcle. Thank you for becoming a member.

Show Comments

Extras

Created Mar 10, 2011ReportNominate
Tags:Circulatory, System

Top Quizzes Today


Score Distribution

Your Account Isn't Verified!

In order to create a playlist on Sporcle, you need to verify the email address you used during registration. Go to your Sporcle Settings to finish the process.

Report this User

Report this user for behavior that violates our Community Guidelines.

Details: